Guess the Taylor Swift Song with No Hints - 29 - Statistics

General Stats
  • This quiz has been taken 49 times
  • The average score is 136 of 228
Answer Stats
Answer % Correct
I
100%
I,
100%
a
98%
the
93%
you
93%
your
88%
And
86%
and
86%
in
86%
me
86%
my
83%
don't
81%
to
81%
I'm
76%
at
74%
But
74%
by
74%
for
74%
That
74%
that
74%
know
71%
too
71%
where
71%
who
71%
I'll
69%
there
69%
go
67%
so
67%
all
64%
say
64%
have
62%
wanna
62%
what
62%
can
60%
could
57%
why
57%
you'll
57%
I've
55%
Just
55%
oh
55%
up
52%
with
52%
'Cause
50%
here
48%
night
45%
let
43%
back
40%
even
40%
come
38%
down,
38%
got
38%
heart
38%
every
36%
call
33%
anymore
31%
name
31%
name,
31%
rain
31%
right
31%
leave
29%
man
26%
song
26%
stand
26%
Talk
26%
talk
26%
these
26%
tired
26%
wait
26%
far
24%
open
24%
sing
24%
wind,
24%
window
24%
hoping
21%
put
21%
door
19%
else
19%
long,
19%
reasons
19%
sky
19%
start
19%
watched
19%
clear
17%
laugh
17%
laugh,
17%
steps
17%
tears
17%
yourself,
17%
games
14%
screamed
12%
fine
7%
No matching quizzes found
Score Distribution
Percent of People with Each Score
Percentile by Number Answered
Your Score History
You have not taken this quiz